Guess the Pokémon by Picture - Statistics

General Stats
  • This quiz has been taken 52 times
  • The average score is 7 of 10
Answer Stats
Picture Answer % Correct
Hypno
95%
Lucario
90%
Lugia
90%
Ho-oh
85%
Mega Rayquaza
80%
Flabébé
68%
Cursola
63%
Gigantamax Gengar
63%
Iron Leaves
58%
Gigantamax Grimmsnarl
45%
No matching quizzes found
Score Distribution
Percent of People with Each Score
Percentile by Number Answered
Your Score History
You have not taken this quiz